| 000 | 00808nam a2200217 a 4500 | ||
|---|---|---|---|
| 999 |
_c12533 _d12533 |
||
| 001 | 12533 | ||
| 003 | BD-JhCC | ||
| 005 | 20220808103447.0 | ||
| 008 | 220808s2018 bg |||| |||| 000 0 ban d | ||
| 020 | _a9787025402833 | ||
| 035 | _a(BD-JhCC)12533 | ||
| 040 |
_aBD-JhCC _dBD-JhCC |
||
| 041 | _abengla | ||
| 082 |
_a297.74 _bJOB 2018 |
||
| 245 |
_aজবানবন্দি : _bনাস্তিকের মুখোমুখি / _cসম্পাদনায় নাইমুল ইসলাম |
||
| 260 |
_aঢাকা : _bছালেহা প্রকাশ, _c২০১৮। |
||
| 300 |
_a১৫৯ পৃ. : _c২১ সেমি. |
||
| 504 | _aগ্রন্থপঞ্জি অর্ন্তভূক্ত। | ||
| 650 | _aReligious Life--- Islam | Dawah (islam) | ||
| 942 |
_2ddc _cBK |
||